00607nam a2200205 a 450000100060000000300080000600500170001400800410003103500190007204000290009104100080012008200250012824500730015325000120022626000390023830000330027750400320031065000260034265000330036845489BD-RjUL20211209054024.0160726s1963 nyuab b 000 0 eng  a(BD-RjUL)45607 aLCbengcLCdWUdBD-RjUL aeng0 a338.09223bTEC 196310aTechnology and economic development. : ba scientific American book  a1st ed. aNew York :bPenguin books, c1963. axi, 236 p. :bill. ;c18 cm. aBibliography: p. [201-205]. 0aEconomic development. 0aEconomic historyy1945-1971.